000 00279nam a2200133Ia 4500
100 _aGrant/H.E
942 _cBK
654 _ajigs
245 _aJigs and Fixtures
260 _bTata McGraw Hill
_aNew Delhi
_c1985
082 _a621.992
_bGRA
300 _a160
546 _aENGLISH
999 _c35247
_d35247